| 000 | 00866nam a2200241 a 4500 | ||
|---|---|---|---|
| 005 | 20250918064111.0 | ||
| 008 | 070821s2006 mx r 000 0 spa d | ||
| 020 | _a9701055160 (10 dígitos) | ||
| 020 | _a9789701055168 (13 dígitos) | ||
| 035 | _aUPN01000151085 | ||
| 049 | _aCG | ||
| 050 | 4 |
_aBF318.5 _bD5.3 |
|
| 100 | 1 |
_aDíaz Barriga, Frida, _d1955- _930592 |
|
| 245 | 1 | 0 |
_aEnseñanza situada : _bvínculo entre la escuela y la vida / _cFrida Díaz Barriga Arceo. |
| 260 |
_aMéxico : _bMcGraw-Hill Interamericana, _c2006. |
||
| 300 |
_axix, 171 p. : _bil., cuadros |
||
| 590 | _aBibliografía Básica (BGTQ) | ||
| 590 | _a(También localizas un ejemplar en el "Area de Reserva") | ||
| 650 | 4 |
_aAprendizaje mediante la práctica _97610 |
|
| 650 | 2 |
_aAprendizaje basado en problemas _96423 |
|
| 650 | 4 |
_aRelación escuela-comunidad _98259 |
|
| 905 | _aLibro | ||
| 999 |
_c123225 _d123225 |
||